[Event "ICS Rated standard match"]
[Site "204.178.125.65"]
[Date "1999.09.13"]
[Round "?"]
[White "NoviSad90"]
[Black "Hossa"]
[Result "0-1"]
[WhiteElo "1830"]
[BlackElo "2199"]
[PlyCount "128"]
[EventDate "1999.??.??"]

1. g3 d5 2. Bg2 e5 3. d3 Nc6 4. Nf3 Bd6 5. O-O Nge7 6. Nc3 f5 7. Bg5 h6 8. Bd2
e4 9. dxe4 fxe4 10. Ne1 O-O 11. f4 Bg4 12. h3 Be6 13. g4 Rf6 14. f5 Bc8 15. Be3
Bb4 16. a3 Bxc3 17. bxc3 b6 18. Qd2 Ne5 19. Bd4 N7c6 20. Qf4 Nxd4 21. cxd4 Ng6
22. Qg3 Ne7 23. c3 c5 24. Nc2 Ba6 25. Rf2 Rc8 26. Ne3 cxd4 27. cxd4 Nc6 28. Rd1
Qd7 29. h4 Bb5 30. g5 Qd6 31. Qg4 hxg5 32. hxg5 Rff8 33. f6 Rc7 34. Nf5 Qxa3
35. fxg7 Rxg7 36. Nxg7 Rxf2 37. Kxf2 Qf8+ 38. Nf5 Ne7 39. Bh3 Bd7 40. Rh1 Bxf5
41. Qf4 Bxh3 42. Qxf8+ Kxf8 43. Rxh3 Kg7 44. Ra3 Nc6 45. e3 Kg6 46. Rc3 Nb4 47.
Rc7 a6 48. Rb7 b5 49. Kg3 Kxg5 50. Rg7+ Kf6 51. Rb7 Ke6 52. Rb6+ Kd7 53. Kf4
Kc7 54. Rh6 a5 55. Ke5 a4 56. Rh7+ Kb6 57. Rh6+ Ka5 58. Kd6 a3 59. Kc5 a2 60.
Rh1 Nc2 61. Kxd5 b4 62. Kc4 Ka4 63. Rh8 Na3+ 64. Kc5 64... a1=Q {
NoviSad90 resigns} 0-1

[Event "ICS Rated standard match"]
[Site "204.178.125.65"]
[Date "1999.09.15"]
[Round "?"]
[White "Pepe-Shabot"]
[Black "Hossa"]
[Result "0-1"]
[WhiteElo "2173"]
[BlackElo "2151"]
[PlyCount "94"]
[EventDate "1999.??.??"]

1. e4 c5 2. d4 cxd4 3. c3 dxc3 4. Nxc3 Nc6 5. Nf3 e6 6. Bc4 a6 7. O-O Nge7 8.
Bg5 h6 9. Bh4 d6 10. Qe2 b5 11. Bb3 Bb7 12. Rfd1 Qc7 13. Rac1 Rc8 14. h3 Ng6
15. Nd5 Qa5 16. Bg3 exd5 17. exd5+ Nce7 18. Bxd6 Qd8 19. Ba3 Rxc1 20. Rxc1 Nf4
21. Qe5 Nd3 22. Qc7 Nxc1 23. Qxb7 Qc8 24. Qxc8+ Nxc8 25. Bc2 Bxa3 26. bxa3 Nb6
27. d6 Nc8 28. d7+ Kxd7 29. Ne5+ Ke6 30. f4 Ne2+ 31. Kf2 Nxf4 32. Nc6 Ne7 33.
Bb3+ Kf6 34. Nb4 a5 35. Na6 Ne6 36. a4 b4 37. g4 Ng6 38. Nb8 Rxb8 39. Kf3 Rc8
40. Ke4 Nc5+ 41. Kd5 Nxb3 42. axb3 Nf4+ 43. Kd6 Nxh3 44. Kd7 Rc3 45. Kd6 Nf2
46. Kd5 Nxg4 47. Kd4 47... Ke6 {Pepe-Shabot resigns} 0-1

[Event "ICS Rated standard match"]
[Site "204.178.125.65"]
[Date "1999.09.15"]
[Round "?"]
[White "RedBear"]
[Black "Hossa"]
[Result "1-0"]
[WhiteElo "2316"]
[BlackElo "2160"]
[PlyCount "75"]
[EventDate "1999.??.??"]

1. d4 f5 2. Nf3 Nf6 3. g3 g6 4. Bg2 Nc6 5. c3 d6 6. d5 Nb8 7. Nd4 Bg7 8. Bf4
O-O 9. O-O Bd7 10. Ne6 Bxe6 11. dxe6 c6 12. Qb3 Qc8 13. Nd2 Na6 14. Be3 f4 15.
gxf4 Nh5 16. Ne4 Nxf4 17. Nxd6 Nxe2+ 18. Kh1 exd6 19. Rae1 Nxc3 20. bxc3 d5 21.
e7 Re8 22. Bd4 Qd7 23. Qa3 Bh6 24. f4 Qf5 25. Re5 Qf7 26. Qd6 Bg7 27. f5 gxf5
28. Rg1 Nb4 29. Bh3 Nc2 30. Rxf5 Nxd4 31. Rxf7 Kxf7 32. Qf4+ Bf6 33. Rf1 Nf3
34. Rxf3 h5 35. Qh6 Reb8 36. Rxf6+ Kxe7 37. Qg7+ Ke8 38. Qf8# {Hossa checkmated
} 1-0

[Event "ICS Rated standard match"]
[Site "204.178.125.65"]
[Date "1999.09.16"]
[Round "?"]
[White "SidNimzovitch"]
[Black "Hossa"]
[Result "0-1"]
[WhiteElo "2100"]
[BlackElo "2112"]
[PlyCount "94"]
[EventDate "1999.??.??"]

1. b3 e5 2. Bb2 Nc6 3. c4 Bc5 4. e3 Nge7 5. a3 Bb6 6. b4 d6 7. d4 exd4 8. exd4
a6 9. Nf3 d5 10. c5 Ba7 11. Be2 b6 12. O-O bxc5 13. dxc5 O-O 14. Nbd2 Re8 15.
Nb3 Ng6 16. Re1 Nf4 17. Bf1 Rxe1 18. Qxe1 Bb8 19. Rd1 Bg4 20. Nbd4 Nxd4 21.
Rxd4 c6 22. Ne5 Bxe5 23. Qxe5 Ng6 24. Qg3 Bf5 25. h4 f6 26. h5 Ne5 27. Rh4 h6
28. Qf4 Bd3 29. Rh3 Bxf1 30. Kxf1 Nc4 31. Bd4 Qe7 32. g4 Re8 33. Be3 Nxa3 34.
Qd6 Qb7 35. Bxh6 Nb5 36. Qf4 Re4 37. Qf3 Nd4 38. Qd3 gxh6 39. f3 Rf4 40. Kg2 f5
41. Rh1 Qxb4 42. Rb1 Rxf3 43. Rxb4 Rxd3 44. Kf2 fxg4 45. Rb8+ Kf7 46. Rb7+ Kf6
47. Rh7 47... Kg5 {SidNimzovitch resigns} 0-1

[Event "ICS Rated standard match"]
[Site "204.178.125.65"]
[Date "1999.10.10"]
[Round "?"]
[White "Zippy"]
[Black "Hossa"]
[Result "1-0"]
[WhiteElo "2086"]
[BlackElo "2061"]
[PlyCount "138"]
[EventDate "1999.??.??"]

1. e4 e6 2. d4 d5 3. Nc3 Nf6 4. Bg5 dxe4 5. Nxe4 Nbd7 6. Nxf6+ Nxf6 7. c3 Bd6
8. Qf3 O-O 9. Bd3 h6 10. Bxf6 Qxf6 11. Qxf6 gxf6 12. Ne2 Bd7 13. O-O-O Bc6 14.
f3 f5 15. h4 Kh8 16. Rhf1 Rg8 17. g4 Be7 18. gxf5 exf5 19. Rf2 Rad8 20. Rh1 Bd7
21. Nf4 Bd6 22. Nh5 Rg6 23. Re2 Re6 24. c4 Rxe2 25. Bxe2 Be7 26. Kd2 Re8 27. f4
a5 28. Bf3 b5 29. c5 c6 30. b3 b4 31. Rh2 Rg8 32. Ke3 Kh7 33. Rh1 Rg6 34. Kd3
Bc8 35. Rh3 Ba6+ 36. Kc2 Bb5 37. Ng3 Bxh4 38. Nxf5 Bf2 39. Be4 Re6 40. Nd6+
Rxe4 41. Nxe4 Bxd4 42. f5 Be2 43. Rh4 Be5 44. Kd2 Ba6 45. Ke3 Bg7 46. Rh2 Bc3
47. Nxc3 bxc3 48. Kd4 Bc8 49. Ke4 Kg7 50. Ke5 Ba6 51. Rc2 Bd3 52. Rxc3 Bb5 53.
f6+ Kh8 54. Rh3 Kh7 55. Rg3 h5 56. Rg7+ Kh6 57. Rxf7 Bd3 58. Rg7 Bb1 59. Rg1
Bg6 60. Rxg6+ Kxg6 61. Ke6 h4 62. f7 Kg7 63. Ke7 Kg6 64. f8=Q Kg5 65. Qf3 h3
66. Qxh3 Kf4 67. Qe6 Kf3 68. Qxc6+ Ke3 69. Qe6+ 69... Kf2 {Hossa resigns} 1-0

[Event "ICS Rated standard match"]
[Site "204.178.125.65"]
[Date "1999.09.14"]
[Round "?"]
[White "Zippy"]
[Black "Hossa"]
[Result "1-0"]
[WhiteElo "2067"]
[BlackElo "2179"]
[PlyCount "24"]
[EventDate "1999.??.??"]

1. e4 c5 2. Nf3 e6 3. Nc3 a6 4. d4 cxd4 5. Nxd4 Qc7 6. a3 Ne7 7. Ndb5 axb5 8.
Nxb5 Qa5+ 9. Bd2 Qb6 10. Be3 Qc6 11. Nd6+ Qxd6 12. Qxd6 12... Nd5 {
Hossa resigns} 1-0

[Event "ICS Rated standard match"]
[Site "204.178.125.65"]
[Date "1999.10.14"]
[Round "?"]
[White "brut"]
[Black "Hossa"]
[Result "1-0"]
[WhiteElo "2549"]
[BlackElo "2048"]
[PlyCount "68"]
[EventDate "1999.??.??"]

1. e4 d5 2. exd5 c6 3. dxc6 Nxc6 4. Nf3 e5 5. Bb5 Bd6 6. Bxc6+ bxc6 7. O-O Ne7
8. Re1 Bg4 9. h3 Bxf3 10. Qxf3 O-O 11. Nc3 Re8 12. d3 Qa5 13. Re2 Rad8 14. Ne4
Ng6 15. Be3 Be7 16. Nd2 Rd5 17. Nc4 Qa4 18. Bc1 Red8 19. Bd2 Bf6 20. Bc3 Rc5
21. Qg4 Qb5 22. Rae1 Rcd5 23. Re4 Qc5 24. Ne3 R5d7 25. Qf5 Ne7 26. Qf3 Rb7 27.
Ng4 Nd5 28. Nxf6+ gxf6 29. d4 Qe7 30. dxe5 f5 31. Qxf5 Nxc3 32. bxc3 Rf8 33.
Rd4 c5 34. Rd6 34... Kg7 {Hossa resigns} 1-0

[Event "ICS Rated standard match"]
[Site "204.178.125.65"]
[Date "1999.09.19"]
[Round "?"]
[White "dieng"]
[Black "Hossa"]
[Result "1/2-1/2"]
[WhiteElo "2164"]
[BlackElo "2161"]
[PlyCount "156"]
[EventDate "1999.??.??"]

1. e4 c5 2. Nf3 Nc6 3. Bb5 g6 4. O-O Bg7 5. c3 Nf6 6. Re1 O-O 7. d4 d5 8. exd5
Qxd5 9. c4 Qd6 10. dxc5 Qxc5 11. Be3 Qb4 12. Bxc6 bxc6 13. Qb3 Qa5 14. Nbd2 Nd7
15. Qc2 e5 16. Nb3 Qa4 17. Qc3 Rd8 18. Bc5 Ba6 19. Rac1 f6 20. a3 Rab8 21. Nfd2
Rb7 22. Qd3 Rdb8 23. Bb4 Bf8 24. Na5 Nc5 25. Qf3 Rxb4 26. axb4 Rxb4 27. Nxc6
Bb7 28. Qd5+ Kg7 29. Nxb4 Bxd5 30. Nxd5 Nd3 31. Ra1 Qd7 32. Re2 Nxb2 33. Ne4
Qb7 34. Rb1 Ba3 35. Ndxf6 g5 36. Rd2 Kg6 37. Rd7 Qa6 38. Nxh7 Qa4 39. Nhf6 Nxc4
40. Ra1 Qc2 41. Rxa7 Bb2 42. Rf1 Nd2 43. Re1 Nxe4 44. Nxe4 Qc8 45. Rf7 g4 46.
Rf6+ Kg7 47. Rb6 Qc2 48. Rb7+ Kg6 49. Rb8 Kg7 50. h3 gxh3 51. gxh3 Bd4 52. h4
Qa2 53. Rc1 Kg6 54. Rc7 Kf5 55. Ng3+ Kg4 56. Rf8 Kh3 57. Nf1 Bxf2+ 58. Rxf2
Qg8+ 59. Ng3 Qxg3+ 60. Kf1 Qd3+ 61. Re2 Kxh4 62. Rh7+ Kg3 63. Rg7+ Kf3 64. Rf7+
Kg4 65. Rg7+ Kh3 66. Kf2 Kh4 67. Re3 Qc2+ 68. Kf1 e4 69. Reg3 Qd1+ 70. Kf2 Qd2+
71. Kf1 e3 72. R7g4+ Kh5 73. Rg5+ Kh6 74. Rg6+ Kh7 75. Rg7+ Kh8 76. Rg8+ Kh7
77. R8g7+ Kh8 78. Rg8+ 78... Kh7 {Game drawn by mutual agreement} 1/2-1/2

[Event "ICS Rated standard match"]
[Site "204.178.125.65"]
[Date "1999.09.15"]
[Round "?"]
[White "zenna"]
[Black "Hossa"]
[Result "1-0"]
[WhiteElo "2051"]
[BlackElo "2140"]
[PlyCount "74"]
[EventDate "1999.??.??"]

1. e4 e5 2. Nf3 Nc6 3. Bc4 Nf6 4. Nc3 Bb4 5. Nd5 Nxe4 6. c3 Be7 7. b4 Nd6 8.
Bb3 e4 9. Nd4 Nxd4 10. cxd4 Bf6 11. Bb2 Bh4 12. O-O O-O 13. Qg4 c6 14. g3 Bg5
15. Ne3 Kh8 16. Rac1 f5 17. Qh5 f4 18. Ng4 fxg3 19. fxg3 Bxd2 20. Ne5 Rf6 21.
Rxf6 gxf6 22. Rf1 a5 23. d5 Be3+ 24. Kg2 a4 25. Nf7+ Nxf7 26. Qxf7 Bg5 27. Bc2
cxd5 28. Rxf6 Bxf6 29. Bxf6+ Qxf6 30. Qxf6+ Kg8 31. Qg5+ Kf8 32. Qxd5 h6 33.
Bxe4 Ke7 34. Qc5+ d6 35. Qc7+ Ke6 36. Bxb7 Bxb7+ 37. Qxb7 37... Rf8 {
Hossa resigns} 1-0

[Event "ICS Unrated blitz match"]
[Site "204.178.125.65"]
[Date "1999.09.24"]
[Round "?"]
[White "Hossa"]
[Black "Moron"]
[Result "0-1"]
[WhiteElo "2412"]
[BlackElo "2840"]
[PlyCount "212"]
[EventDate "1999.??.??"]

1. d4 Nf6 2. c4 e6 3. Nf3 b6 4. g3 Ba6 5. Qc2 c5 6. Bg2 Nc6 7. e3 cxd4 8. exd4
Nb4 9. Qd1 Bxc4 10. Ne5 Bd5 11. Bxd5 Nbxd5 12. O-O Be7 13. Bg5 O-O 14. Nd2 b5
15. Rc1 Qb6 16. Ndf3 Rac8 17. Bxf6 Nxf6 18. Qb3 d6 19. Nd3 Nd5 20. Rxc8 Rxc8
21. Rc1 Rxc1+ 22. Nxc1 Qc6 23. Ne2 b4 24. Nd2 Qa6 25. Qc4 Qxc4 26. Nxc4 g5 27.
Na5 Bf6 28. Nc4 e5 29. Ne3 Nxe3 30. fxe3 Kf8 31. g4 d5 32. a3 bxa3 33. bxa3 Ke7
34. Ng3 exd4 35. Nf5+ Ke6 36. exd4 h5 37. h3 hxg4 38. hxg4 Be7 39. a4 Bb4 40.
Kf2 Bd2 41. Ke2 Bb4 42. Kf2 Kd7 43. Nh6 Ke7 44. Nf5+ Ke6 45. Ke3 Bc3 46. Kd3
Ba5 47. Ng7+ Kd7 48. Nf5 Be1 49. Nh6 Ke7 50. Nf5+ Ke6 51. Ng7+ Kd7 52. Nf5 Ba5
53. Nh6 Ke6 54. Nf5 Bc7 55. Ng7+ Kd7 56. Nf5 Bd8 57. Nh6 Ke7 58. Nf5+ Ke6 59.
Kc3 Be7 60. Ng7+ Kd7 61. a5 a6 62. Nf5 Bf8 63. Ne3 Kd6 64. Kb3 Kc6 65. Nf5 Kd7
66. Kc3 Bd6 67. Ne3 Ke6 68. Nf5 Bf8 69. Kb3 Be7 70. Kc3 Ba3 71. Ng7+ Ke7 72.
Nf5+ Kd7 73. Kb3 Bd6 74. Kc3 Bf4 75. Kb4 Ke6 76. Kc5 Bc7 77. Ng7+ Ke7 78. Kxd5
Bxa5 79. Nf5+ Kf6 80. Kc6 Bb4 81. d5 Ke5 82. d6 Bxd6 83. Nxd6 Kf4 84. Nxf7 Kxg4
85. Kd5 Kf4 86. Ne5 a5 87. Nd3+ Ke3 88. Nc5 g4 89. Ne6 a4 90. Kd6 a3 91. Nc7 a2
92. Kd7 a1=Q 93. Ke6 Qd4 94. Ke7 Qc5+ 95. Kd7 Qxc7+ 96. Kxc7 g3 97. Kd7 g2 98.
Ke6 Ke4 99. Kf6 g1=Q 100. Ke6 Qg6+ 101. Kd7 Qf6 102. Kc7 Kd5 103. Kb7 Qc6+ 104.
Kb8 Qd7 105. Ka8 Kc6 106. Kb8 106... Qb7# {Hossa checkmated} 0-1

[Event "ICS Unrated blitz match"]
[Site "204.178.125.65"]
[Date "1999.09.23"]
[Round "?"]
[White "Hossa"]
[Black "Moron"]
[Result "0-1"]
[WhiteElo "2369"]
[BlackElo "2850"]
[PlyCount "84"]
[EventDate "1999.??.??"]

1. e4 e5 2. Nf3 Nc6 3. Bb5 a6 4. Ba4 Nf6 5. Bxc6 dxc6 6. d3 Bd6 7. Bg5 h6 8.
Bh4 Qe7 9. Nc3 Bg4 10. O-O Qe6 11. Qe2 g5 12. Bg3 Nh5 13. h3 Nxg3 14. fxg3 Bxf3
15. Qxf3 g4 16. Qf6 Qxf6 17. Rxf6 Be7 18. Rf5 gxh3 19. gxh3 f6 20. Raf1 b5 21.
Ne2 Kd7 22. Kg2 h5 23. a4 Ke6 24. Kf3 bxa4 25. Ra1 Rab8 26. Ra2 a3 27. bxa3 Rb1
28. Kg2 Re1 29. Nc3 Bc5 30. Na4 Rg1+ 31. Kh2 Be3 32. Nc3 Re1 33. h4 Bd4 34. Na4
Re2+ 35. Kh3 Bg1 36. g4 hxg4+ 37. Kg3 Rg8 38. h5 Bh2+ 39. Kh4 Re3 40. Rxe5+
fxe5 41. Nc5+ Ke7 42. Nxa6 42... Bg3# {Hossa checkmated} 0-1

[Event "ICS Unrated blitz match"]
[Site "204.178.125.65"]
[Date "1999.09.23"]
[Round "?"]
[White "Moron"]
[Black "Hossa"]
[Result "1-0"]
[WhiteElo "2850"]
[BlackElo "2369"]
[PlyCount "124"]
[EventDate "1999.??.??"]

1. e4 c5 2. Nf3 d6 3. d4 cxd4 4. Nxd4 Nf6 5. Nc3 a6 6. g3 d5 7. e5 Nfd7 8. e6
Nf6 9. exf7+ Kxf7 10. Bg2 Bg4 11. f3 Bd7 12. f4 Bg4 13. Bxd5+ Qxd5 14. Nxd5
Bxd1 15. Nc7 Ra7 16. Kxd1 Ng4 17. Ke2 b5 18. Nde6 Nc6 19. Kf3 h5 20. h3 Nf6 21.
Be3 Rb7 22. Nxa6 h4 23. Nb4 Nxb4 24. Nd8+ Ke8 25. Nxb7 hxg3 26. Bc5 Nbd5 27. a4
b4 28. h4 Kd7 29. Bd4 g2 30. Rh2 e6 31. c4 bxc3 32. bxc3 Nh5 33. Be5 Kc8 34.
Nd6+ Bxd6 35. Bxd6 Kd7 36. Be5 Ndxf4 37. c4 Rf8 38. Bd4 Kd6 39. Rd1 e5 40. Bg1+
Kc6 41. a5 Ra8 42. Bb6 Nf6 43. Rb1 Rb8 44. Re1 Nd7 45. Be3 Rf8 46. Kg3 Nd3 47.
Rg1 Ra8 48. Rhxg2 Rxa5 49. Kf3 Ra4 50. Rxg7 Rxc4 51. R1g6+ Kc7 52. Ra6 e4+ 53.
Ke2 N3e5 54. Re6 Nc6 55. Bf4+ Kd8 56. Rg8+ Nf8 57. Rxf8+ Kd7 58. Rg6 Nd4+ 59.
Ke3 Nc2+ 60. Kd2 Nd4 61. Rf7+ Ke8 62. Rb7 62... Nf3+ {Hossa resigns} 1-0

[Event "ICS Unrated blitz match"]
[Site "204.178.125.65"]
[Date "1999.10.07"]
[Round "?"]
[White "Moron"]
[Black "Hossa"]
[Result "1-0"]
[WhiteElo "2889"]
[BlackElo "2500"]
[PlyCount "70"]
[EventDate "1999.??.??"]

1. e4 Nf6 2. Nc3 d5 3. e5 Nfd7 4. d4 e6 5. f4 Bb4 6. Bd2 O-O 7. Nf3 c5 8. a3
cxd4 9. axb4 dxc3 10. Bxc3 f6 11. Bd3 fxe5 12. fxe5 Qb6 13. Qe2 a6 14. O-O-O h6
15. Nd4 Rd8 16. Rhf1 Nf8 17. Qf3 Qc7 18. Rf2 Qe7 19. Bd2 Nc6 20. Nxc6 bxc6 21.
Qg3 Ra7 22. Rdf1 Rad7 23. Bxh6 Qxb4 24. Bg5 Re8 25. Qh3 g6 26. Bh6 Rdd8 27. Rf7
Rd7 28. Rxf8+ Rxf8 29. Rxf8+ Qxf8 30. Bxf8 Kxf8 31. Bxg6 Kg8 32. Qxe6+ Kh8 33.
Qf6+ Kg8 34. e6 Ra7 35. e7 35... Rxe7 {Hossa resigns} 1-0

[Event "ICS Unrated blitz match"]
[Site "204.178.125.65"]
[Date "1999.10.13"]
[Round "?"]
[White "Moron"]
[Black "Hossa"]
[Result "1/2-1/2"]
[WhiteElo "2899"]
[BlackElo "2402"]
[PlyCount "128"]
[EventDate "1999.??.??"]

1. d4 d5 2. c4 e6 3. Nc3 Nf6 4. Qc2 dxc4 5. e3 c5 6. dxc5 Bxc5 7. Bxc4 Nbd7 8.
Nf3 O-O 9. O-O a6 10. Be2 b6 11. Rd1 Bb7 12. b3 Rc8 13. Bb2 Qe7 14. a4 Bb4 15.
Bc4 Bxf3 16. gxf3 Ne5 17. Bxa6 Nxf3+ 18. Kg2 Ra8 19. Kxf3 Rxa6 20. Nb5 e5 21.
Ke2 Re8 22. Qc7 Qe6 23. Qc4 Qxc4+ 24. bxc4 Ra5 25. Rdb1 Ne4 26. Bxe5 Bc5 27.
Bb2 Rc8 28. Rg1 Bf8 29. Bd4 Rxc4 30. Kd3 Rcxa4 31. Rxa4 Nxf2+ 32. Ke2 Nh3 33.
Rg3 Rxa4 34. Rxh3 Ra2+ 35. Kd3 Bc5 36. Bxc5 bxc5 37. Nc3 Ra5 38. Rh4 Ra8 39.
Rh5 Rd8+ 40. Rd5 Rc8 41. Kc4 Kf8 42. Rxc5 Rxc5+ 43. Kxc5 Ke7 44. Kd5 Kf6 45.
Ne4+ Ke7 46. Nd6 h5 47. e4 f6 48. e5 fxe5 49. Kxe5 Kd7 50. h4 Ke7 51. Nf5+ Kf7
52. Nxg7 Kxg7 53. Kf5 Kf7 54. Kg5 Ke6 55. Kxh5 Kf5 56. Kh6 Kf6 57. h5 Kf7 58.
Kg5 Kg7 59. Kg4 Kh6 60. Kh4 Kh7 61. Kh3 Kh6 62. Kg4 Kh7 63. Kf3 Kh6 64. Kf4
64... Kxh5 {Game drawn because neither player has mating material} 1/2-1/2

[Event "ICS Unrated standard match"]
[Site "204.178.125.65"]
[Date "1999.09.27"]
[Round "?"]
[White "Hossa"]
[Black "Moron"]
[Result "0-1"]
[WhiteElo "2071"]
[BlackElo "2448"]
[PlyCount "119"]
[EventDate "1999.??.??"]

1. d4 d5 2. c4 dxc4 3. Nf3 Nf6 4. e3 e6 5. Bxc4 c5 6. O-O a6 7. Nc3 b5 8. Bb3
Bb7 9. Ne5 Nc6 10. Nxc6 Bxc6 11. Re1 Qc7 12. Bd2 Bd6 13. f4 cxd4 14. exd4 O-O
15. Rf1 Qb7 16. Qe2 b4 17. Nd1 Qb6 18. Be3 Nd5 19. Rc1 Bb5 20. Bc4 Be7 21. f5
Nxe3 22. Nxe3 Qxd4 23. Bxb5 Bg5 24. Rf3 axb5 25. Rd1 Qe4 26. Ra1 exf5 27. Qf2
g6 28. Nf1 Rfe8 29. Rb3 Bf6 30. Kh1 Qe2 31. Kg1 Rad8 32. Qxe2 Rxe2 33. Rb1 Bd4+
34. Kh1 Rde8 35. g3 Re1 36. Rxe1 Rxe1 37. Kg2 Re2+ 38. Kh3 g5 39. Rxb4 Bf6 40.
g4 Rf2 41. Ng3 Be5 42. gxf5 h5 43. Rb3 f6 44. Nxh5 Rxh2+ 45. Kg4 Rh4+ 46. Kf3
g4+ 47. Ke2 Rxh5 48. Rxb5 g3 49. Rd5 Rg5 50. Rd8+ Kg7 51. Rd7+ Kh6 52. Kf3 g2
53. Rd1 g1=Q 54. Rxg1 Rxg1 55. b3 Ra1 56. a4 Rb1 57. b4 Rxb4 58. a5 Kg5 59. a6
Kxf5 60. a7 {Hossa resigns} 0-1

[Event "ICS Unrated standard match"]
[Site "204.178.125.65"]
[Date "1999.09.24"]
[Round "?"]
[White "Hossa"]
[Black "Moron"]
[Result "0-1"]
[WhiteElo "2054"]
[BlackElo "2336"]
[PlyCount "104"]
[EventDate "1999.??.??"]

1. g3 d5 2. Nf3 c6 3. Bg2 Bg4 4. Ne5 Bh5 5. c4 f6 6. Nd3 dxc4 7. Nc5 Qd6 8. Ne4
Qd4 9. Na3 Bf7 10. O-O e5 11. Nc2 Qd8 12. Ne3 g6 13. a3 f5 14. Nc3 Na6 15. f4
e4 16. g4 Nh6 17. Kh1 Nc5 18. Rb1 Nb3 19. gxf5 gxf5 20. Bh3 Be6 21. Rg1 Qd7 22.
Rg5 Bd6 23. Rh5 Bxf4 24. Ng2 Bxh2 25. Rxh6 Be5 26. Nxe4 O-O-O 27. Ng5 Bg8 28.
Nf3 Bg7 29. Rh5 h6 30. Nfh4 Qe8 31. Bxf5+ Kb8 32. Nf4 Bf7 33. Nhg6 Nd4 34. Bc2
Nxc2 35. Qxc2 Rg8 36. Rh3 Bd4 37. Nh4 Rg1+ 38. Kh2 Qe5 39. Qf5 Qg7 40. e3 Rg8
41. Qe4 Bd5 42. Qg6 Qxg6 43. Nhxg6 R8xg6 44. Nxg6 Rg2+ 45. Kh1 Rxg6+ 46. Kh2
Be5+ 47. Rg3 Rxg3 48. d4 cxd3 49. e4 Rg5+ 50. Bf4 Bxf4+ 51. Kh3 Be6+ 52. Kh4
52... Bg3# {Hossa checkmated} 0-1

[Event "ICS Unrated standard match"]
[Site "204.178.125.65"]
[Date "1999.09.23"]
[Round "?"]
[White "Moron"]
[Black "Hossa"]
[Result "1/2-1/2"]
[WhiteElo "2336"]
[BlackElo "2054"]
[PlyCount "248"]
[EventDate "1999.??.??"]

1. Nf3 d5 2. c4 c6 3. b3 Bf5 4. Bb2 e6 5. d3 Nd7 6. Nc3 Bb4 7. a3 Bxc3+ 8. Bxc3
Ngf6 9. cxd5 cxd5 10. e3 O-O 11. Be2 Rc8 12. Rc1 Bg4 13. h3 Bxf3 14. Bxf3 Rc6
15. Bxf6 Nxf6 16. Rxc6 bxc6 17. O-O Qa5 18. Qa1 c5 19. b4 cxb4 20. axb4 Qxb4
21. Qxa7 e5 22. d4 e4 23. Be2 Rc8 24. Qa6 Rc2 25. Ra1 h6 26. Bd1 Qe1+ 27. Qf1
Qxf1+ 28. Kxf1 Rb2 29. f4 h5 30. Ra7 g6 31. Be2 h4 32. Ke1 Kf8 33. Ra8+ Kg7 34.
Rd8 Rb7 35. Kf2 Nd7 36. g3 hxg3+ 37. Kxg3 Rc7 38. f5 Nf6 39. fxg6 fxg6 40. Kf4
Rf7 41. Rc8 Nd7+ 42. Kg5 Rf5+ 43. Kg4 Nf6+ 44. Kg3 g5 45. Rc7+ Kg6 46. Kg2 Ng8
47. Rd7 Nf6 48. Rd8 Kf7 49. Kg3 Ke7 50. Ra8 Kd6 51. Ra6+ Kd7 52. Ra7+ Ke6 53.
Ra6+ Kf7 54. Rc6 Ng8 55. Bh5+ Kf8 56. Kg4 Rf3 57. Kxg5 Rxh3 58. Rc8+ Kg7 59.
Rc7+ Kf8 60. Rf7+ Ke8 61. Rh7+ Kf8 62. Kf5 Rxe3 63. Rf7+ Ke8 64. Ke6 Rh3 65.
Rf5+ Kd8 66. Kd6 Kc8 67. Bg4 Rd3 68. Rf8+ Kb7 69. Rxg8 Rxd4 70. Be6 e3 71.
Bxd5+ Kb6 72. Rb8+ Ka7 73. Re8 Kb6 74. Rxe3 Rb4 75. Re7 Ka6 76. Kc5 Rb5+ 77.
Kc4 Rb1 78. Bf3 Rc1+ 79. Kd4 Kb6 80. Rb7+ Ka6 81. Rb8 Ka7 82. Rb2 Ra1 83. Rb7+
Ka6 84. Rb8 Ra5 85. Bd5 Ka7 86. Rb7+ Ka6 87. Rb2 Ra1 88. Kc5 Rc1+ 89. Bc4+ Ka7
90. Rg2 Kb8 91. Rg8+ Kc7 92. Rg7+ Kc8 93. Kd5 Rd1+ 94. Ke6 Rc1 95. Bd5 Rf1 96.
Kd6 Rf6+ 97. Ke5 Rf2 98. Ra7 Rh2 99. Kd6 Rh6+ 100. Be6+ Kb8 101. Rg7 Rh4 102.
Bd5 Rh6+ 103. Ke5 Rh5+ 104. Kd4 Kc8 105. Ra7 Rh4+ 106. Kc5 Rf4 107. Kd6 Rf6+
108. Ke5 Rf2 109. Ke6 Rf1 110. Rh7 Kd8 111. Rb7 Kc8 112. Ra7 Kb8 113. Rh7 Kc8
114. Bg2 Rd1 115. Bf3 Rf1 116. Rf7 Rg1 117. Bd5 Rg6+ 118. Ke5 Kb8 119. Be4 Rb6
120. Bd5 Kc8 121. Rg7 Kd8 122. Ra7 Ke8 123. Bf7+ Kd8 124. Bd5 124... Ke8 {
Game drawn by the 50 move rule} 1/2-1/2

[Event "ICS rated blitz match"]
[Site "204.178.125.65"]
[Date "1999.09.30"]
[Round "?"]
[White "ALEMAO"]
[Black "Hossa"]
[Result "0-1"]
[WhiteElo "2009"]
[BlackElo "2450"]
[Annotator "Fritz 5.32 (22s)"]
[PlyCount "38"]
[EventDate "1999.??.??"]

1. e4 d5 2. exd5 Nf6 3. d4 Nxd5 4. c4 Nb6 5. Nf3 Bg4 6. Be2 Nc6 7. d5 Bxf3 8.
Bxf3 (8. gxf3 Ne5 9. f4 Ned7 10. Nc3 c6 11. Be3 cxd5 12. cxd5 Nc8 13. O-O Nd6
14. Nb5 a6 15. Nxd6+ exd6 16. Qb3 Be7 17. Qxb7 O-O 18. Rac1 Rb8 19. Qxa6 Rxb2
20. Rb1 Rxb1 21. Rxb1 Nc5 22. Qa7 22... Bh4 {
Jansa,V-Schmaranzer,A/Passau 1998/EXT 99/1-0 (38)}) 8... Ne5 9. b3 e6 10. dxe6
$15 (10. O-O Qf6 (10... Nxf3+ $143 11. Qxf3 Qf6 12. Qxf6 gxf6 13. a4 $14) 11.
dxe6 Nxf3+ 12. Qxf3 Qxf3 (12... Qxa1 $4 {Schwarz denkt nur an das Material} 13.
Qxf7+ Kd8 14. Rd1+ Qd4 15. Rxd4+ Bd6 16. e7+ Kc8 17. e8=Q+ Rxe8 18. Qxe8#) 13.
gxf3 13... fxe6 $11) 10... Qxd1+ 11. Bxd1 Nd3+ 12. Kd2 O-O-O 13. Kc2 13... fxe6
$11 (13... Be7 14. Nc3 Nxf2 15. Re1 Nxd1 16. Nxd1 $17) 14. Be3 14... Bb4 $11 (
14... Nb4+ 15. Kb2 $15) 15. Be2 $17 (15. Nc3 $5 $11 $142 {steht zur Diskussion}
) 15... Ne1+ 16. Kb2 $19 (16. Kc1 Nxg2 17. a3 Be7 18. Bxb6 18... axb6 $19)
16... Nxg2 17. a3 Bd6 (17... Nxe3 $6 18. axb4 Nf5 19. c5 $17) 18. Bxb6 (18. Nc3
Nxe3 19. fxe3 19... Bc5 $19) 18... Be5+ 19. Kc2 Bxa1 (19... Bxa1 20. Bxa7 Bd4
21. Bxd4 21... Rxd4 $19) 0-1

[Event "ICS rated blitz match"]
[Site "204.178.125.65"]
[Date "1999.08.29"]
[Round "?"]
[White "Abner"]
[Black "Hossa"]
[Result "1-0"]
[WhiteElo "2720"]
[BlackElo "2479"]
[PlyCount "140"]
[EventDate "1999.??.??"]

1. d4 Nf6 2. c4 c5 3. d5 e6 4. Nc3 exd5 5. cxd5 d6 6. e4 g6 7. Nf3 Bg7 8. Be2
O-O 9. O-O Bg4 10. Bf4 Re8 11. Nd2 Bxe2 12. Qxe2 Nh5 13. Be3 Nd7 14. Rac1 Nb6
15. g4 Nf6 16. g5 Nfd7 17. Nb5 Nc8 18. b3 a6 19. Nc3 b5 20. a4 Qa5 21. Qd3 Bxc3
22. Qxc3 Qxc3 23. Rxc3 bxa4 24. bxa4 Rb8 25. f3 Rb4 26. a5 Rb5 27. Nc4 Ne5 28.
Bd2 Nxc4 29. Rxc4 Ne7 30. Bc3 Reb8 31. f4 R8b7 32. Kf2 Kf8 33. Kg2 Rb1 34. Rxb1
Rxb1 35. Kf3 Ke8 36. Kg3 Kd7 37. Kf2 Ng8 38. h3 h6 39. h4 hxg5 40. hxg5 Ne7 41.
Ke3 Rb5 42. Ke2 Rb7 43. Kd3 Rb8 44. Ra4 Rb1 45. Ra1 Rb3 46. Rh1 Rb8 47. Rh7 Rb7
48. Rxf7 Ke8 49. Rh7 Rb1 50. Rh8+ Kd7 51. Ra8 Nc8 52. Rxa6 Rf1 53. Bd2 Ra1 54.
e5 Ra4 55. e6+ Kd8 56. Bc3 Kc7 57. Rc6+ Kb8 58. a6 Ra3 59. f5 gxf5 60. g6 Ne7
61. g7 Ra4 62. Rxd6 Rg4 63. Rd7 Ng8 64. Rd8+ Ka7 65. Rxg8 c4+ 66. Ke2 Re4+ 67.
Kf3 Rh4 68. Ra8+ Kb6 69. g8=Q Rh3+ 70. Kf4 70... Rh4+ {Hossa resigns} 1-0

[Event "ICS rated blitz match"]
[Site "204.178.125.65"]
[Date "1999.09.02"]
[Round "?"]
[White "Abner"]
[Black "Hossa"]
[Result "1-0"]
[WhiteElo "2741"]
[BlackElo "2551"]
[PlyCount "135"]
[EventDate "1999.??.??"]

1. d4 Nf6 2. c4 g6 3. Nc3 Bg7 4. e4 d6 5. Nf3 O-O 6. Be2 e5 7. O-O Bg4 8. dxe5
dxe5 9. Nxe5 Qxd1 10. Bxd1 Bxd1 11. Rxd1 Nxe4 12. Nxg6 Nxc3 13. Ne7+ Kh8 14.
bxc3 Re8 15. Nf5 Bxc3 16. Rb1 b6 17. Be3 Be5 18. a3 h5 19. Ng3 Bxg3 20. hxg3
Kg8 21. Rd5 Re4 22. c5 Re8 23. Rxh5 Re6 24. Rb4 Nc6 25. Rg4+ Rg6 26. Rgh4 Rd8
27. Bf4 Rd1+ 28. Kh2 bxc5 29. Rxc5 Rd7 30. Rb5 Nd8 31. Rb8 Rc6 32. Bg5 f6 33.
Be3 Kf7 34. Bxa7 Rcd6 35. Be3 Nc6 36. Rh7+ Kg6 37. Rxd7 Rxd7 38. Rh8 Kf5 39. a4
Ne5 40. f3 Ke6 41. a5 Rd3 42. a6 Rxe3 43. a7 Ra3 44. a8=Q Rxa8 45. Rxa8 c6 46.
Kh3 Nc4 47. Ra6 Kd5 48. g4 Ne5 49. Kg3 Nd3 50. Ra5+ Kd6 51. Ra1 Ke7 52. f4 Ke6
53. Kf3 Nc5 54. Ke3 Nb3 55. Ra7 Nc5 56. g5 fxg5 57. fxg5 Nd7 58. g6 Nf6 59. Kd4
Kf5 60. g7 Kg6 61. Kc5 Ng8 62. Kxc6 Nf6 63. Kd6 Kh7 64. Ke6 Ng8 65. Kf5 Nh6+
66. Kg5 Kg8 67. Kg6 Ng4 68. Ra8# {Hossa checkmated} 1-0